00709cam a22002411a 4500001001300000003000400013005001700017008004100034010001700075035001900092040001700111041001100128042001200139050001800151100002600169245007500195260004100270300002100311500002300332650006100355700002500416700002600441ne 68000915 DLC20260227111839.0820217s1967 fr 000 0 fre  ane 68000915  a(OCoLC)8160976 aDLCcIUdDLC0 afreara apremarc00aPC2129.A7bM61 aMorcos, Fouad,d1919-10aComment traduire /c[par] Fouad Morcos, Gamil Farag [et] Yéhia Saad. aLe Caire :bLivres de France,c1967. a374 p. ;c24 cm. aFrench and Arabic. 0aFrench languagexTextbooks for foreign speakersxArabic.1 aFarag, Gamil,d1922-1 aSaad, Yéhia,d1919-